000 00440nam a2200133Ia 4500
008 170419s9999 xx 000 0 und d
100 _aClifton, Jennifer M.
245 _aInnovation in faculty practice: a college of nursing and juvenile justice collaboration
245 _cJennifer M. Clifton & Leissa A. Roberts.
260 _bElsevier
260 _c2016
300 _aMarch/April 2016
440 _aJournal of Profesional Nursing
_v32:2
999 _c329508
_d329508